=LDR 00000nam 2200000 4500 =001 INLIS000000000021582 =005 20201203081739 =035 ##$$a 0010-061300000021582 =008 201203################g##########0#ind## =041 ##$$a Ind =082 ##$$a 305.409 598 13 =090 ##$$a 305.409 598 13, Man p =100 ##$$a Manan, Fadjria Novari =245 1#$$a Peranan wanita dalam pembinaan budaya /$c Dra. Fadjria Novari Manan, Dra. Sri Saadah Seopono, Wahyuningsih, B.A =260 ##$$a Jakarta :$b Departemen Pendidikan dan Kebudayaan,$c 1991 =300 ##$$a 56 hlm : $b ilus ; $c 23 X 15 cm. =650 #4$$a Kebudayaan =850 ##$$a NBPNMAT =084 ##$$a 305.409 598 13 MAN p =250 ##$$a cet. 1 =700 #$$a Seopono, Sri Saadah =700 #$$a Wahyuningsih =520 ##$$a Bibliografi hlm. 54 =520 ##$$a Indeks hlm. 55-56 =990 ##$$a 41.427/Hd.92 =990 ##$$a 00055165